000 00316nam a22001457a 4500
008 210308b ||||| |||| 00| 0 eng d
020 _a0138170819
041 _aeng
080 _27th
_a15.9
082 _27th
_a159.9
100 _a48
101 _aPSI
245 _aSocial Psychology
_cSears,O.D
942 _2udc
_cBK
999 _c56014
_d56014